Analysis of some measures of the enterprises financial performance on the case of a selected Slovak company

Analýza merania finančnej výkonnosti podniku vo vybraných slovenských podnikoch.

Salvato in:
Dettagli Bibliografici
Autore principale: Jančovičová Bognárová, Kristína, 1979-
Natura: Capitolo di libro
Lingua:inglese
Soggetti:
Tags: Aggiungi Tag
Nessun Tag, puoi essere il primo ad aggiungerne!!

MARC

LEADER 00000naa a2200000 4500
001 0166061
005 20240502072907.1
041 0 |a eng 
044 |a SK 
245 1 0 |a Analysis of some measures of the enterprises financial performance on the case of a selected Slovak company  |c Kristína Jančovičová Bognárová 
520 |a Analýza merania finančnej výkonnosti podniku vo vybraných slovenských podnikoch. 
610 2 0 |a výkonnosť 
610 2 0 |a financie podnikové 
610 2 0 |a podnik 
610 2 0 |a Slovensko 
610 2 0 |a hodnota pridaná ekonomická 
610 2 0 |a akcie 
610 2 0 |a výnosy 
100 1 |a Jančovičová Bognárová, Kristína, 1979-